000 03638Cam#a22005535a#4500
003 AR-RoUNA
005 20260408103234.0
008 140529s2014||||ag|||||f a||1 0|spa d
040 _aAR-RoUNA
_bspa
_dAR-RoUNA
041 _aspa
044 _aag
100 _aMateos, Alicia
_93313
245 1 0 _aUna evaluacíon del Plan Director Rosario 1991.
_bEl discurso enunciativo y el plan instrumental
_c/ Alicia Mateos
260 _aRosario :
_bCURDIUR; Centro Universitario Rosario de Investigaciones Urbanas y Regionales.
_cjunio, 1999.
300 _a38 p. ;
_btablas
_bplanos
_c29x21 cm.
490 _aCuadernos del CURDIUR
_vv. 65
505 0 _tINDICE
505 0 _tINTRODUCCION
505 0 _tPARTE 1
505 0 _tLA EXPLICITACION DEL PLAN DIRECTOR DE LA CIUDAD DE ROSARIO. PRINCIPALES DEFINICIONES
505 0 _tLOS AVANCES PRELIMINARES - PRINCIPALES DEFINICIONES
505 0 _tEl documento de 1985. Los principios conceptuales del Plan. p. 8
505 0 _tEl documento de 1987. La identificación de las estrategias de acción. p. 10
505 0 _tLA FORMALIZACION DEL PLAN. EL DOCUMENTO DE 1991
505 0 _tLa explicitación de los puntos de partida. p. 15
505 0 _tLa memoria general del Plan . Presentación de contenidos.. p. 18
505 0 _aLa definición de los principios de actuación. 18.
505 0 _aLa definición de políticas de actuación. p. 19
505 0 _aLa definición de las estrategias de actuación. p. 22.
505 0 _aLa definición de acciones concretas. p. 25.
505 0 _aLa definición de los mecanismos instrumentales. p. 26.
505 0 _aEl plan y las políticas sectoriales. p. 26
505 0 _tPARTE II
505 0 _tUNA INTERPRETACION SOBRE EL PLAN
505 0 _tLAS PRINCIPALES DEFINICIONES DEL PLAN DE 91. UNA SINTESIS
505 0 _tLOS ASPECTOS PROBLEMATICOS DEL PLAN
505 0 _tLOS LOGROS Y LOS DEFICITS DEL PLAN. UNA EVALUACION
505 0 _aSobre el efectivo caracteres del plan. p. 39
505 0 _aLos aspectos que es necesario revisar. p. 40
520 3 _aLa elaboración de este Plan se abordó como reformulación del "Plan regulador Rosario" del año 1968, respetando algunas de sus estrategias y reformulando sustancialmente otras, sobre la base de la identificación de desajustes instrumentales respecto de la realidad construida de la ciudad, de la definición de nuevas necesidades a partir de transformaciones ocurridas y del reconocimiento de nuevas posibilidades de orientación desde la técnica urbanística. Paralelamente a la reelaboración de los enunciados del Plan, se ha operado en la modificación de la normativa que acompañaba al Plan del 68 (a través de una serie de proyectos normativos aprobados, y otros que se encuentran en proceso de revisión), con el objeto de regular fundamentalmente la actividad privada de construcción del espacio urbano pero también de orientan la actuación pública. La actual política municipal de dotar a la ciudad de un Plan Estratégico (en proceso de elaboración agrega complejidad a la situación. El plan Estratégico, es por definición, un instrumento mas amplio que el Plan Director, en el cual a este ultimo se debería encuadrar.
610 2 4 _aUniversidad Nacional de Rosario. Facultad de Arquitectura, Planeamiento y Diseño.
_bCURDIUR (Centro Universitario Rosario de Investigaciones Urbanas y Regionales).
_92924
650 4 _aUrbanismo
650 4 _aPlanes directores
651 0 _aRosario (Santa Fe, Argentina)
_91246
908 _aImp
942 _cLIB
_2udc
945 _d2023-10-25
980 _gMaricel Allasia
_65
_aMaría Machado
_81
999 _c12352
_d12352